| 000 | 00823nam a2200277 a 4500 | ||
|---|---|---|---|
| 003 | AR-BaBNM | ||
| 005 | 20251128203846.0 | ||
| 008 | 082120s2002 ||||||||||||||000 | spa|| | ||
| 040 | _cAR-BaBNM | ||
| 100 | 1 | _aFuente Machain, Ricardo de la | |
| 245 | 0 | 0 | _aLa plaza trágica |
| 260 |
_aBuenos Aires _bMunicipalidad de la Ciudad de Buenos Aires _c1962 |
||
| 300 |
_a63 p. _bil. |
||
| 490 | 0 |
_aCuadernos de Buenos Aires _vv. 17 |
|
| 500 | _aContiene referencias bibliográficas en p. 63 | ||
| 650 | 4 | _aHISTORIA ARGENTINA | |
| 650 | 4 | _aHISTORIA DE BUENOS AIRES | |
| 650 | 4 | _aCOLONIZACION DEL RIO DE LA PLATA | |
| 650 | 4 | _aCOSTUMBRES Y TRADICIONES | |
| 650 | 4 | _aSIGLO DIECINUEVE | |
| 650 | 4 | _aPARQUES PUBLICOS | |
| 650 | 4 | _aBARRIOS | |
| 651 | 4 | _aBuenos Aires [Capital Federal] | |
| 942 | _cBK | ||
| 998 | _cMARTIN | ||
| 999 |
_c5214 _d5214 |
||